English Football Champions - Sudden Death - Statistics

General Stats
  • This quiz has been taken 192 times
  • The average score is 10 of 15
Answers on the Grid
Answers color-coded by a green-red scale on the quiz's grid according to % correct below.
Manchester United
Manchester City
Liverpool
Arsenal
Chelsea
Tottenham Hotspur
Aston Villa
Nottingham Forest
Leeds United
Everton
Newcastle United
Leicester City
Burnley
Derby County
Blackburn Rovers
Hull City
Brighton & Hove Albion
Fulham
West Ham United
Southampton
Norwich City
Birmingham City
Plymouth Argyle
Wimbledon
Crystal Palace
Swansea City
Coventry City
Bristol City
Watford
Wigan Athletic
 
Answer Stats
Answer % Correct
Manchester City
88%
Arsenal
87%
Liverpool
87%
Manchester United
86%
Chelsea
83%
Leicester City
80%
Aston Villa
75%
Nottingham Forest
75%
Leeds United
65%
Blackburn Rovers
58%
Everton
58%
Newcastle United
58%
Tottenham Hotspur
57%
Derby County
38%
Burnley
20%
No matching quizzes found
Score Distribution
Percent of People with Each Score
Percentile by Number Answered
Your Score History
You have not taken this quiz